Quick Pick: The Archers or Dickens? Quiz Stats

 Plays Quiz not verified by Sporcle

Score 0/30 Timer 01:30
0 Plays Today
% Correct
Amy Dorrit
84.3%
Clara Peggotty
75.1%
Harold Skimpole
69.6%
Mr Pumblechook
69.4%
Lady Honoria Dedlock
68.8%
Daniel Quilp
68.3%
Joe Gargery
67.9%
Agnes Wickfield
67%
Josiah Tulkinghorn
67%
Caroline Jellyby
65.4%
Dora Spenlow
65%
Bullseye, a bull terrier
64.7%
Philip Pirrip
64.5%
Matthew Pocket
64.4%
Flora Finching
60.1%
% Correct
Nathaniel Winkle
57.2%
Reverend Chadband
54.9%
Ada Clare
54.7%
Lucie Manette
54.6%
Montague Tigg
54.1%
Newman Noggs
54%
Dr Allan Woodcourt
54%
Sam Weller
51.2%
Noddy Boffin
50.3%
Daniel Doyce
48.8%
Lizzie Hexam
48.6%
Jip, a spaniel
46.9%
Tom Pinch
45.6%
John Harmon
43.1%
Tracy Tupman
37%

You're not logged in!

Compare scores with friends on all Sporcle quizzes.
OR
Log In

Show Comments

Extras

Top Quizzes Today


Score Distribution

Your Account Isn't Verified!

In order to create a playlist on Sporcle, you need to verify the email address you used during registration. Go to your Sporcle Settings to finish the process.

Report this User

Report this user for behavior that violates our Community Guidelines.

Details: